| 000 | 00447nam a2200157Ia 4500 | ||
|---|---|---|---|
| 003 | SGT | ||
| 020 | _a9788185749570 | ||
| 082 |
_a621.31 _bGUP |
||
| 100 | _aGupta,J.B | ||
| 245 | _aTransmission and distribution of electrical power | ||
| 260 |
_bS.K. Kataria & SONS _aN.Delhi _c2012 |
||
| 300 | _a464p. | ||
| 650 | _aELECTRICAL ENGINEERING | ||
| 653 | _aSUPPLY SYSTEMS,MECHANICAL DESIGN OF OVERHEAD LINES,OVERHEAD LINE INSULATORS | ||
| 942 |
_2ddc _cBK |
||
| 999 |
_c5456 _d5456 |
||